00613nam a2200181Ia 4500003000900000008004100009040001600050080001900066245011500085260004800200300001000248650003000258650003100288650004300319700002400362700002400386700002100410IN-BaIIA211028s9999 xx 000 0 eng d cIIA Library a(05)52bANN-12 0aAnnual review of astronomy and astrophysicsbvol. 12cedited by Leo Goldberg, David Layzer and John G. Philips aPalo Alto, CaliforniabAnnual Reviewsc1974 a495p. a Astronomy-Periodicals  a Astrophysics-Periodicals aAstronomy and astrophysics thesaurus  aGoldberg, Leo., ed. aLayzer, David., ed. aPhilips, G., ed.